Cooperation between enterprises and the scientific environment in research and implementation of innovations
Inovácie sú nevyhnutným faktorom zvyšovania produktivity a hospodárskeho rastu, najmä v súčasnosti, v období intenzívnych technologických zmien. Úroveň implementácie inovácií závisí od mnohých vonkajších faktorov, napr. od stupňa vzťahu medzi vedeckým a podnikateľským prostredím alebo od možností fi...
Na minha lista:
| Autor principal: | |
|---|---|
| Outros Autores: | |
| Formato: | Capítulo de Livro |
| Idioma: | inglês |
| Assuntos: | |
| Tags: |
Sem tags, seja o primeiro a adicionar uma tag!
|
MARC
| LEADER | 00000nla a2200000 4500 | ||
|---|---|---|---|
| 001 | 0236269 | ||
| 005 | 20240417075126.8 | ||
| 041 | 0 | |a eng | |
| 044 | |a SK | ||
| 245 | 1 | 0 | |a Cooperation between enterprises and the scientific environment in research and implementation of innovations |c Janusz Nesterak, Zofia Gródek Szostak |
| 520 | |a Inovácie sú nevyhnutným faktorom zvyšovania produktivity a hospodárskeho rastu, najmä v súčasnosti, v období intenzívnych technologických zmien. Úroveň implementácie inovácií závisí od mnohých vonkajších faktorov, napr. od stupňa vzťahu medzi vedeckým a podnikateľským prostredím alebo od možností financovania. Relevantné interné faktory sa týkajú hlavne prípravy a záväzku dodávateľa a príjemcu implementovanej technológie. | ||
| 610 | 2 | 0 | |a veda |
| 610 | 2 | 0 | |a výskum |
| 610 | 2 | 0 | |a stratégia inovačná |
| 610 | 2 | 0 | |a prostredie podnikateľské |
| 610 | 2 | 0 | |a podnik |
| 610 | 2 | 0 | |a spolupráca vedecká |
| 610 | 2 | 0 | |a spolupráca vedeckotechnická |
| 100 | 1 | |a Nesterak, Janusz | |
| 700 | 1 | |a Gródek Szostak, Zofia | |